header

Quick! Help the Fish! (Record no. 265105)

MARC details
000 -LEADER
fixed length control field 00217nam a22000977a 4500
020 ## - INTERNATIONAL STANDARD BOOK NUMBER
ISBN 9780439913072
100 ## - MAIN ENTRY--AUTHOR NAME
Personal name Art Mawhinney
245 ## - TITLE STATEMENT
Title Quick! Help the Fish!
260 ## - PUBLICATION, DISTRIBUTION, ETC. (IMPRINT)
Place of publication New York
Name of publisher Scholastic
Year of publication 2007
942 ## - ADDED ENTRY ELEMENTS (KOHA)
Koha item type Long Loan Books
Holdings
Withdrawn status Lost status Collection code Home library Current library Shelving location Date acquired Accession Number Koha item type
    Fiction Rongo University Library Children's Library Fiction 12/11/2025 CL20250067 Long Loan Books

© 2026 Rongo University
Contact us: librarian | system librarian | Rongo university